[Event "Belgrade Premier League"]
[Site "Belgrade SRB"]
[Date "2008.10.09"]
[Round "5"]
[White "Nedeljkovic,Dr"]
[Black "Stamenkovic,A"]
[Result "1/2-1/2"]
[WhiteElo "2135"]
[BlackElo "2283"]

1.e4 c5 2.Nf3 Nc6 3.Bb5 g6 4.O-O Bg7 5.Nc3 a6 6.Bxc6 dxc6 7.h3 c4 8.a4 a5
9.Qe2 Be6 10.Ng5 Qd7 11.Rd1 h6 12.Nxe6 Qxe6 13.d4 cxd3 14.Qxd3 Nf6 15.Be3 O-O
16.Bb6 Ra6 17.Qe3 Ne8 18.Bd4 Nd6 19.Bxg7 Kxg7 20.Qd4+ f6 21.b3 Rd8 22.Ne2 Raa8
23.Nf4 Qf7 24.Qb6 e5 25.Ne2 Qe7 26.Nc3 Nf7 27.h4 h5 28.g3 Ra6 29.Qe3 Raa8
30.Qb6  1/2-1/2

[Event "Chigorin Memorial"]
[Site "St Petersburg RUS"]
[Date "2008.10.09"]
[Round "7"]
[White "Frolochkin,V"]
[Black "Gladyszev,O"]
[Result "1/2-1/2"]
[WhiteElo "2323"]
[BlackElo "2448"]

1.e4 c5 2.Nf3 Nc6 3.Bb5 g6 4.O-O Bg7 5.c3 Nf6 6.Qa4 O-O 7.d4 cxd4 8.cxd4 d5
9.e5 Nd7 10.Bxc6 Nb6 11.Qa5 bxc6 12.b3 Nd7 13.Qxd8 Rxd8 14.Ba3 Re8 15.Re1 f6
16.Nc3 fxe5 17.Nxe5 Nxe5 18.dxe5 d4 19.Na4 Bf5 20.Rad1 d3 21.Bc5 Rad8 22.h3 Bh6
23.Be3 Bxe3 24.fxe3 d2 25.Re2 Rd5 26.Rexd2 Rxe5 27.Kf2 h5 28.Rd8 Kf7 29.Rxe8 Kxe8
30.h4 Bd7 31.Rd4 g5 32.hxg5 Rxg5 33.Nb2 c5 34.Rd2 Bc6 35.Kg1 Kf7 36.Nd3 Bb5
37.Nf4 c4 38.b4 Ba4 39.Nd5 Bc6 40.Nc3 h4 41.Kh2 Ke6 42.Rd4 Rxg2+ 43.Kh3 Rg3+
44.Kxh4 Rxe3 45.Rxc4 Kd6 46.Kg4 Bd5 47.Nxd5 Kxd5 48.Rc5+ Kd6 49.Ra5  1/2-1/2

[Event "Chigorin Memorial"]
[Site "St Petersburg RUS"]
[Date "2008.10.09"]
[Round "7"]
[White "Shaposhnikov,E"]
[Black "Shchukin,D"]
[Result "0-1"]
[WhiteElo "2558"]
[BlackElo "2357"]

1.e4 c5 2.Nf3 Nc6 3.Bb5 Nf6 4.Nc3 Qc7 5.O-O e5 6.d3 a6 7.Bc4 Be7 8.Ng5 O-O
9.f4 d6 10.Bxf7+ Rxf7 11.Nxf7 Kxf7 12.Nd5 Qd8 13.fxe5 Nxe5 14.Bg5 Be6 15.Nxe7 Qxe7
16.Bxf6 gxf6 17.Qd2 Rg8 18.Qh6 Rg7 19.Rf4 Nd7 20.Raf1 Kg8 21.R4f3 Rg6 22.Qf4 Bf7
23.b3 Qe5 24.Qd2 Kg7 25.c3 Be6 26.Rf4 d5 27.d4 cxd4 28.cxd4 Qd6 29.Qe3 dxe4
30.Rxe4 Bd5 31.Re7+ Kf8 32.Re8+ Kf7 33.g3 Bc6 34.Rf5 Nf8 35.Ra8 Ne6 36.Rh5 h6
37.d5 Bxd5 38.Rxh6 Rxh6 39.Qxh6 Qc5+ 40.Kf1 Ke7 41.Qd2 Bc6 42.Rh8 Bb5+ 43.Kg2 Bc6+
44.Kf1 Qf5+ 45.Ke1 Qe4+ 46.Kd1 Qb1+ 47.Ke2 Qe4+ 48.Kd1 Qb1+ 49.Ke2 Kf7 50.Rh4 Ng5
51.Rf4 Qg1 52.Kd3 Nf3 53.Qc3 Bb5+ 54.Kc2 Ne1+ 55.Kb2 Nd3+ 56.Ka3 Nxf4 57.gxf4 Bc6
58.h3 Qf1 59.Qe3 Qb5 60.Kb2 Qf5 61.h4 Kg6 62.a4 Kh5 63.Ka3 Kxh4 64.Qf2+ Kg4
65.Qg1+ Kxf4  0-1

[Event "1st WMSG Rapid Pair"]
[Site "Beijing CHN"]
[Date "2008.10.10"]
[Round "6"]
[White "Greet,A"]
[Black "Markos,J"]
[Result "0-1"]
[WhiteElo "2440"]
[BlackElo "2557"]

1.e4 c5 2.Nf3 Nc6 3.Bb5 d6 4.O-O Bd7 5.Re1 Nf6 6.h3 Ne5 7.Bxd7+ Nfxd7 8.Nxe5 dxe5
9.b3 g6 10.Bb2 Bg7 11.a4 O-O 12.Na3 Nb8 13.Nc4 Nc6 14.Bc3 Qc7 15.Qb1 b6 16.b4 cxb4
17.Bxb4 Nxb4 18.Qxb4 Rfc8 19.d3 Qc5 20.Reb1 Rab8 21.Kf1 Bf8 22.Qxc5 Rxc5
23.Rb5 Rbc8 24.Rab1 e6 25.Ke2 f6 26.a5 bxa5 27.Rxc5 Bxc5 28.Nxa5 Rc7 29.Nc4 h5
30.g3 Kf7 31.f4 exf4 32.gxf4 g5 33.fxg5 fxg5 34.c3 Kg7 35.Nd2 Bd6 36.Rb3 Rf7
37.Nf1 g4 38.hxg4 hxg4 39.Rb1 a5 40.d4 a4 41.e5 Be7 42.Ne3 g3 43.Rg1 Rf2+
44.Kd3 Bh4 45.c4 a3 46.d5 exd5 47.cxd5 a2 48.Ke4 Rb2 49.Ra1 g2 50.d6 Rb1
51.Rxa2 g1=Q 52.Rg2+ Qxg2+ 53.Nxg2 Kf7 54.Kd5 Rd1+ 55.Kc6 Bg5 56.Kd7 Kf8
57.Ke6 Rg1  0-1

[Event "Belgrade Premier League"]
[Site "Belgrade SRB"]
[Date "2008.10.10"]
[Round "6"]
[White "Marinovic,B"]
[Black "Pavlovic,Drago"]
[Result "1/2-1/2"]
[WhiteElo "2408"]
[BlackElo "2296"]

1.e4 c5 2.Nf3 Nc6 3.Bb5 g6 4.Bxc6 dxc6 5.d3 Bg7 6.h3 Nf6 7.Nc3 O-O 8.Be3 b6
9.Qd2 e5 10.O-O Qd6 11.a4 a5 12.Ne2 Ba6 13.Rfd1 Rfd8 14.Ng3 Ne8 15.Qe1 Nc7
16.Nd2 Ne6 17.Nc4 Bxc4 18.dxc4 Qc7 19.c3 Bf8 20.Nf1 Rxd1 21.Rxd1 Rd8 22.Nh2 Rxd1
23.Qxd1 Qd6 24.Qc2 Be7 25.Nf3 f6 26.Kf1 Qd8 27.Ke2 Kf7 28.Ne1 g5 29.g3 Qd7
30.Kf1 Ng7 31.Kg2 Qe6 32.Qe2 Kg6 33.Nc2 Bd8 34.Bc1 f5 35.exf5+ Nxf5 36.Qe4 Kf7
37.Ne3 Nxe3+ 38.Bxe3 Kg7 39.g4 Qf6 40.Kf1 Bc7 41.Ke2 Qg6 42.Qxg6+ Kxg6 43.Kf3 Kf6
44.Ke4 h6 45.f3 Ke6 46.Bf2 Bd8 47.b3 Be7 48.b4 Bd6 49.bxa5 bxa5 50.h4 Be7
51.hxg5 hxg5 52.Bg3 Bd6 53.Bh2 Kf6  1/2-1/2

[Event "Chigorin Memorial"]
[Site "St Petersburg RUS"]
[Date "2008.10.11"]
[Round "9"]
[White "Trushelyov,V"]
[Black "Teterev,V"]
[Result "1/2-1/2"]
[WhiteElo "2340"]
[BlackElo "2513"]

1.e4 c5 2.Nf3 Nc6 3.Bb5 d6 4.O-O Bd7 5.c3 a6 6.Ba4 Nf6 7.Re1 e5 8.h3 b5 9.Bc2 Be7
10.d4 Qc7 11.Bg5 O-O 12.d5 Na5 13.Nbd2 c4 14.Nf1 Nb7 15.Qd2 Nc5 16.Ng3 Bd8
17.Nh2 Ne8 18.Bxd8 Qxd8 19.Re3 Qh4 20.b4 cxb3 21.axb3 g6 22.b4 Nb7 23.Rf3 Qd8
24.Qh6 Ng7 25.Ng4 f6 26.Qh4 Ne8 27.Ne2 h5 28.Ne3 Ng7 29.g4 Qe7 30.Qg3 hxg4
31.hxg4 Nd8 32.Qh4 Ne8 33.Kg2 Nf7 34.Rh3 Ng5 35.Rh2 Qg7 36.f4 exf4 37.Nxf4 Rc8
38.Ne2 Nc7 39.Rah1 Rce8 40.Qh8+ Qxh8 41.Rxh8+ Kg7 42.Rxf8 Rxf8 43.Ng3 Re8
44.Ra1 Nf7 45.Bd3 Ne5 46.Be2 Rb8 47.Kf2 Rh8 48.Rh1 Re8 49.Ra1 Bc8 50.Ngf1 Nf7
51.Ng3 Ne5 52.Ngf1 Bd7 53.Ng3 Re7 54.Rh1 Bc8 55.Ra1 Kh6 56.Ngf1 Kg5 57.Kg3 Rh7
58.Nd2 Kh6  1/2-1/2

[Event "Belgrade Premier League"]
[Site "Belgrade SRB"]
[Date "2008.10.12"]
[Round "8"]
[White "Popovic,Dr1"]
[Black "Skaric,D"]
[Result "1/2-1/2"]
[WhiteElo "2287"]
[BlackElo "2239"]

1.e4 c5 2.Nf3 Nc6 3.Bb5 e6 4.O-O Nge7 5.Re1 a6 6.Bf1 d5 7.exd5 Nxd5 8.d4 Be7
9.dxc5 O-O 10.c4 Nf6 11.Nc3 Bxc5 12.Be3 Bxe3 13.Rxe3 Qc7 14.h3 Rd8 15.Qe1 Nd4
16.Nxd4 Rxd4 17.Rd1 Rxd1 18.Qxd1 Bd7 19.Qd4 Bc6 20.Rd3 a5 21.b3 Nd7 22.a3 Qb6
23.Qxb6 Nxb6 24.f4 Kf8 25.Kf2 Nd7 26.b4 axb4 27.axb4 Ra3 28.Ke3 Nf6 29.Kd4 Ra1
30.Rd1 Rxd1+ 31.Nxd1 b6 32.Nc3 Ke7 33.b5 Bb7 34.Na4 Nd7 35.c5 bxc5+ 36.Nxc5 Bd5
37.Nxd7 Kxd7 38.Kc5 Kc7 39.g3 Be4 40.h4 h6 41.b6+ Kb7 42.Bb5 f6 43.Bd7 e5
44.fxe5 fxe5 45.Kd6 Kxb6 46.Kxe5 Kc7 47.Ba4 Bf3 48.Ke6 g5 49.hxg5 hxg5 50.Kf5 g4
51.Be8 Kd8 52.Bh5 Ke7 53.Bxg4 Bg2 54.Kg6 Kf8 55.Be2 Bh3 56.Bc4 Bg4 57.Kf6 Bf3
58.Be6 Be2 59.g4 Bxg4 60.Bxg4  1/2-1/2

[Event "South Bohemia Open"]
[Site "Cesky Krumlov CZE"]
[Date "2008.10.12"]
[Round "2"]
[White "Cuhra,M"]
[Black "Balka,L"]
[Result "1-0"]
[WhiteElo "2168"]
[BlackElo "1773"]

1.e4 c5 2.Nf3 Nc6 3.Bb5 a6 4.Bxc6 bxc6 5.O-O d5 6.e5 e6 7.d3 Ne7 8.b3 g6
9.Nc3 Nf5 10.Na4 Be7 11.c4 O-O 12.Ba3 Qa5 13.Qe1 Qxe1 14.Rfxe1 dxc4 15.dxc4 Rd8
16.Rad1 Bd7 17.Bxc5 Bxc5 18.Nxc5 Ra7 19.Rd3 Kf8 20.Red1 Ke7 21.Ng5 h6 22.Nge4  1-0

[Event "XV PRO AM Open"]
[Site "Villa Martelli ARG"]
[Date "2008.10.12"]
[Round "3"]
[White "Malbran,G"]
[Black "Lujan,C"]
[Result "1/2-1/2"]
[WhiteElo "2247"]
[BlackElo "2366"]

1.e4 c5 2.Nf3 Nc6 3.Bb5 e6 4.Bxc6 bxc6 5.Qe2 Ne7 6.d3 Ng6 7.h4 Qc7 8.h5 Nf4
9.Qd2 e5 10.Qc3 Nxg2+ 11.Kf1 Nf4 12.Bxf4 exf4 13.h6 Rg8 14.e5 Ba6 15.Nbd2 O-O-O
16.Ne4 g6 17.b3 d5 18.exd6 Bxd6 19.Re1 c4 20.bxc4 c5 21.Nf6 Bb7 22.Nd5 Bxd5
23.cxd5 Qb7 24.Qb3 g5 25.Qxb7+ Kxb7 26.Ne5 Bxe5 27.Rxe5 Rd7 28.c4 Kc7 29.Rg1 f6
30.Re6 Rg6 31.Rh1 Rd6 32.Re7+ Rd7 33.Re6 Rd6 34.Re7+  1/2-1/2

[Event "1st WMSG Blitz Team w"]
[Site "Beijing CHN"]
[Date "2008.10.13"]
[Round "1"]
[White "Yildiz,B"]
[Black "Malikgulyewa,A"]
[Result "1-0"]
[WhiteElo "2219"]
[BlackElo "2051"]

1.e4 c5 2.Nf3 Nc6 3.Bb5 e6 4.O-O Nge7 5.Re1 g6 6.c3 Bg7 7.d4 cxd4 8.cxd4 O-O
9.Nc3 a6 10.Bf1 d5 11.e5 b5 12.Be3 Bb7 13.Rc1 Rc8 14.Qd2 Nf5 15.Bg5 Qb6 16.Ne2 h6
17.Be3 Na5 18.b3 b4 19.Rxc8 Rxc8 20.Nc1 Rc3 21.Nd3 Bc6 22.Nc5 Bb5 23.Bxb5 axb5
24.Nd3  1-0

[Event "1st WMSG Blitz Team"]
[Site "Beijing CHN"]
[Date "2008.10.13"]
[Round "2"]
[White "Sandipan,C"]
[Black "Haznedaroglu,K"]
[Result "0-1"]
[WhiteElo "2579"]
[BlackElo "2436"]

1.e4 c5 2.Nf3 Nc6 3.Bb5 e6 4.O-O Nge7 5.Re1 a6 6.Bf1 d6 7.c3 g6 8.d4 Bg7
9.d5 Ne5 10.Nxe5 dxe5 11.c4 O-O 12.Nc3 f5 13.f3 fxe4 14.fxe4 exd5 15.cxd5 Bd7
16.Be3 b6 17.Qd2 Nc8 18.d6 Be6 19.Rad1 Ra7 20.Bg5 Bf6 21.Bxf6 Qxf6 22.Nd5 Qf7
23.b4 Rd7 24.Nxb6 Rxd6 25.Nd5 cxb4 26.Qxb4 Bxd5 27.exd5 Qf2+ 28.Kh1 Rdf6
29.Bc4 Nd6 30.Bxa6 e4 31.Bc4 e3 32.Rf1 Nxc4 33.Rxf2 exf2 34.Rf1 Ne3 35.d6 Nxf1
36.Qc4+ Kg7 37.Qxf1 Re8  0-1

[Event "1st WMSG Blitz Team"]
[Site "Beijing CHN"]
[Date "2008.10.13"]
[Round "3"]
[White "Chua Zheng Yuan,T"]
[Black "Haznedaroglu,K"]
[Result "1-0"]
[WhiteElo "2139"]
[BlackElo "2436"]

1.e4 c5 2.Nf3 Nc6 3.Bb5 e6 4.Bxc6 bxc6 5.O-O d6 6.d3 e5 7.h3 Ne7 8.Re1 Ng6
9.c3 Be7 10.d4 cxd4 11.cxd4 O-O 12.Nc3 Rb8 13.Qc2 Bf6 14.Be3 Qe7 15.Rac1 Qb7
16.Na4 Bd7 17.b3 Rbc8 18.dxe5 Nxe5 19.Nxe5 Bxe5 20.Red1 Qc7 21.Qd2 c5 22.f4 Bf6
23.e5 Bxa4 24.exf6 Bc6 25.Qxd6 Qb7 26.Rxc5 Bxg2 27.Rxc8 Qxc8 28.Kxg2 Qc2+
29.Rd2 Qe4+ 30.Kf2 gxf6 31.Qxf6 Re8 32.Qg5+ Qg6 33.Qxg6+ hxg6 34.Rd7 a6 35.Rd6 Ra8
36.Kf3 Kf8 37.Ke4 Ke7 38.Ke5 a5 39.Bc5 Ke8 40.Rb6 a4 41.b4 Rd8 42.b5 Rd2
43.a3 Kd7 44.Rd6+  1-0

[Event "1st WMSG Blitz Team w"]
[Site "Beijing CHN"]
[Date "2008.10.13"]
[Round "4"]
[White "Horn,E"]
[Black "Horvath,Maria AUT"]
[Result "0-1"]
[WhiteElo "2041"]
[BlackElo "2019"]

1.e4 c5 2.Nf3 Nc6 3.Bb5 e6 4.Bxc6 bxc6 5.d3 d5 6.e5 Ne7 7.h4 Qc7 8.Qe2 Ba6
9.Nc3 h5 10.Bg5 Nf5 11.Na4 Qa5+ 12.Nc3 d4 13.Bd2 dxc3 14.Bxc3 Qc7 15.b3 Rd8
16.Bb2 Be7 17.g3 g6 18.c4 Nd4 19.Nxd4 cxd4 20.O-O c5 21.f4 Bb7 22.Rf2 Qc6
23.Rh2 a5 24.a4 Kf8 25.Rf1 Kg7 26.Bc1 Rb8 27.g4 hxg4 28.Qxg4 Rh5 29.Rff2 Rbh8
30.Qg2 Qxg2+ 31.Rfxg2 Bxg2 32.Kxg2 Rxh4 33.Rxh4 Rxh4 34.Kg3 Rh1 35.Bd2 Rb1
36.Bxa5 Rxb3 37.Bc7 Rxd3+ 38.Kg2 Ra3 39.a5 Bh4 40.Bb6 Be1 41.Bxc5 d3 42.Kf1 d2
43.Ke2 Rxa5 44.Be3 Ra2 45.c5 Rc2 46.Bxd2 Bxd2 47.Kd3 Rxc5 48.Kxd2 Rc4 49.Ke3 Ra4
50.Kf3 Kh6 51.Kg3 Kh5 52.Kf3 Rb4 53.Ke3 Kg4 54.Kd3 Kxf4 55.Kc3 Ra4 56.Kd3 Kxe5
57.Kc3 g5 58.Kd3 Re4 59.Kc3 g4 60.Kd3 g3 61.Kc3 g2 62.Kd3 g1=Q 63.Kc3 Rd4
64.Kb3 Qc1 65.Ka2 Rc4 66.Kb3 Qc2+ 67.Ka3 Qc3+ 68.Ka2 Ra4+ 69.Kb1 Rb4+ 70.Ka2 Qb3+
71.Ka1 Qb2+  0-1

[Event "1st WMSG Blitz Team w"]
[Site "Beijing CHN"]
[Date "2008.10.13"]
[Round "6"]
[White "Yildiz,B"]
[Black "Machalova,M"]
[Result "1-0"]
[WhiteElo "2219"]
[BlackElo "2187"]

1.e4 c5 2.Nf3 Nc6 3.Bb5 g6 4.O-O Bg7 5.c3 a6 6.Bxc6 bxc6 7.Re1 Nf6 8.d4 cxd4
9.cxd4 d5 10.e5 Ne4 11.Nc3 Nxc3 12.bxc3 O-O 13.Ba3 Re8 14.Rb1 Qa5 15.Bb4 Qc7
16.Qa4 Bf5 17.Rb2 a5 18.Bc5 Rab8 19.Qa3 Rxb2 20.Qxb2 Rb8 21.Qa3 Bf8 22.Nd2 Rb5
23.h3 Qb7 24.Nb3 Qa6 25.Bxe7 Bxe7 26.Qxe7 a4 27.Qd8+ Kg7 28.Nc5 Qa5 29.Qf6+ Kg8
30.Qd8+ Kg7 31.Qf6+ Kg8 32.Re3 Rb1+ 33.Kh2 Qb5 34.e6 fxe6 35.Nxe6  1-0

[Event "1st WMSG Blitz Team"]
[Site "Beijing CHN"]
[Date "2008.10.13"]
[Round "8"]
[White "Nolte,R"]
[Black "Can,E"]
[Result "0-1"]
[WhiteElo "2489"]
[BlackElo "2464"]

1.e4 c5 2.Nf3 Nc6 3.Bb5 g6 4.O-O Bg7 5.Re1 e5 6.c3 Nge7 7.Na3 a6 8.Bf1 O-O
9.h3 d6 10.Nc4 b5 11.Ne3 f5 12.d3 h6 13.a4 Be6 14.axb5 axb5 15.Rxa8 Qxa8
16.exf5 Nxf5 17.d4 exd4 18.Nxf5 Bxf5 19.Bxb5 Ne5 20.Nh4 dxc3 21.bxc3 Qa5
22.Nxf5 Rxf5 23.c4 Qa2 24.Be3 Bf8 25.Qd5+ Nf7 26.Qe6 Kg7 27.Be8 Qa7 28.Bd2 Kh7
29.Bc3 Bg7 30.Bxg7 Kxg7 31.Bxf7 Qxf7 32.Qxd6 Qxc4 33.Re7+ Rf7 34.Qe5+ Kg8
35.Re8+ Rf8 36.Rxf8+ Kxf8 37.Qh8+ Kf7 38.Qh7+ Kf6 39.Qxh6 Qb4 40.Qf8+ Ke6
41.Qe8+ Kf6 42.Qf8+ Ke6 43.g3 Qd4 44.Qe8+ Kf5 45.g4+ Kg5 46.Qe7+ Kh6 47.Qf8+ Kg5
48.Kg2 Qd5+ 49.Kg3 Qd3+ 50.Qf3 Qxf3+ 51.Kxf3 Kh4 52.Kg2 c4 53.Kf3 Kxh3 54.g5 Kh4
55.Ke3 Kxg5 56.Kd4 Kf4 57.Kxc4 g5 58.Kd4 g4 59.Kd5 Kf3 60.Ke5 Kxf2 61.Kf4 g3  0-1

[Event "1st WMSG Blitz Team"]
[Site "Beijing CHN"]
[Date "2008.10.13"]
[Round "9"]
[White "Aveskulov,V"]
[Black "Nguyen Van Huy"]
[Result "1-0"]
[WhiteElo "2544"]
[BlackElo "2422"]

1.e4 c5 2.Nf3 Nc6 3.Bb5 g6 4.Bxc6 dxc6 5.d3 Bg7 6.h3 Nf6 7.Nc3 O-O 8.Bf4 Re8
9.Qd2 Nd7 10.Bh6 e5 11.h4 f6 12.h5 g5 13.Bxg7 Kxg7 14.h6+ Kh8 15.O-O-O Nf8
16.Nh2 Ng6 17.g3 Be6 18.Ne2 Qd6 19.Rdf1 c4 20.d4 Rad8 21.Rd1 exd4 22.Nxd4 Bc8
23.Qc3 Qf8 24.Nhf3 Rxe4 25.Nxg5 Ree8 26.Ngf3 Bg4 27.Kb1 c5 28.Nb5 Rxd1+ 29.Rxd1 Ne5
30.Nxe5 Bxd1 31.Nd7 Qxh6 32.Nxf6 Re7 33.a3 Qg7 34.Nd6 Be2 35.Nf5 Qg6 36.Nxe7 h5
37.Nxg6+  1-0

[Event "1st WMSG Blitz Team w"]
[Site "Beijing CHN"]
[Date "2008.10.13"]
[Round "11"]
[White "Otgonjargal,S"]
[Black "Popova,N"]
[Result "1-0"]
[WhiteElo "2142"]
[BlackElo "2264"]

1.e4 c5 2.Nf3 Nc6 3.Bb5 g6 4.O-O Bg7 5.Re1 e5 6.c3 Nge7 7.Ba4 O-O 8.d3 d6
9.h3 h6 10.Nbd2 Be6 11.Nf1 Kh7 12.Ng3 f5 13.exf5 Nxf5 14.Ne4 Bf7 15.Bc2 b6
16.Ned2 d5 17.Nf1 Qd6 18.N1h2 Rae8 19.Ba4 a6 20.Ng4 b5 21.Bc2 Re6 22.Ne3 Nxe3
23.Bxe3 Rfe8 24.Qc1 Ne7 25.a4 b4 26.cxb4 cxb4 27.Bb3 Nf5 28.Bc5 Qd8 29.Bxb4 Rb6
30.Ba5 Qb8 31.Bxb6 Qxb6 32.Qd1 Rb8 33.Nd2 Nd4 34.Ba2 Bf6 35.Nf3 Nxf3+ 36.Qxf3 Rd8
37.Rac1 Kg7 38.Rc2 Bg5 39.h4 Bf6 40.Rec1 Qb4 41.Rc6 Qe7 42.Rc7 Qb4 43.Bxd5 Rf8
44.R1c6 Qe1+ 45.Kh2 Qb4 46.Qxf6+ Kg8 47.Bxf7+ Kh7 48.Be8+ Rf7 49.Qxf7+ Kh8
50.Qg7+  1-0

[Event "1st WMSG Blitz Team w"]
[Site "Beijing CHN"]
[Date "2008.10.13"]
[Round "11"]
[White "Van Nies,P"]
[Black "Carlsen,E"]
[Result "1/2-1/2"]
[WhiteElo "2165"]
[BlackElo "1888"]

1.e4 c5 2.Nf3 Nc6 3.Bb5 g6 4.O-O Bg7 5.Nc3 e6 6.Bxc6 bxc6 7.e5 d5 8.exd6 Qxd6
9.Ne4 Qe7 10.c3 Nf6 11.Qc2 O-O 12.d3 Nxe4 13.dxe4 Ba6 14.Rd1 Rfd8 15.Be3 c4
16.e5 Qc7 17.Bf4 Rd3 18.Rxd3 cxd3 19.Qd2 Qb7 20.Re1 Rb8 21.b4 c5 22.bxc5 Qc6
23.Bh6 Qxc5 24.Bxg7 Kxg7 25.Qf4 Qe7 26.Nd4 Rc8 27.Rc1 Bc4 28.a4 a5 29.h4 f6
30.exf6+ Qxf6 31.Qd6 Rd8 32.Qc7+ Kg8 33.Qxc4 Re8 34.Rd1 Qxh4 35.Qxd3 e5 36.Nc6 e4
37.Qd5+ Kh8 38.Ne5 Rf8 39.Nf7+ Kg7 40.Ne5 Qxf2+ 41.Kh1 Qh4+ 42.Kg1 Qf2+ 43.Kh1 Qh4+  1/2-1/2

[Event "1st WMSG Rapid Team w"]
[Site "Beijing CHN"]
[Date "2008.10.14"]
[Round "1"]
[White "Xu Yuhua"]
[Black "Yanjindulam,D"]
[Result "1-0"]
[WhiteElo "2477"]
[BlackElo "2286"]

1.e4 c5 2.Nf3 Nc6 3.Bb5 g6 4.O-O Bg7 5.c3 Nf6 6.e5 Nd5 7.d4 cxd4 8.cxd4 O-O
9.Nc3 Nxc3 10.bxc3 d6 11.exd6 Qxd6 12.a4 a6 13.Ba3 Qc7 14.Bxc6 bxc6 15.Re1 Re8
16.Ne5 Be6 17.Bc5 a5 18.Qf3 Bd5 19.Qd3 Rab8 20.c4 Be6 21.h4 Bxe5 22.Rxe5 Rb2
23.Ba3 Rb7 24.Rae1 Qb8 25.d5 cxd5 26.cxd5 Bf5 27.Qd2 Rb1 28.Rxb1 Qxb1+ 29.Re1 Qb3
30.Bxe7 Qxa4 31.d6 Qb5 32.Ra1 a4 33.Bf6  1-0

[Event "1st WMSG Rapid Team w"]
[Site "Beijing CHN"]
[Date "2008.10.14"]
[Round "1"]
[White "Ghader Pour,S"]
[Black "Isaeva,Ak"]
[Result "1-0"]
[WhiteElo "2149"]
[BlackElo "2063"]

1.e4 c5 2.Nf3 Nc6 3.Bb5 g6 4.Bxc6 bxc6 5.O-O Bg7 6.Re1 d5 7.d3 Qc7 8.Nc3 Bb7
9.Bg5 e6 10.Na4 Qa5 11.c4 Nf6 12.Bd2 Qc7 13.Nxc5 Rb8 14.cxd5 cxd5 15.Rc1 Qb6
16.Bc3 Bc6 17.Bd4 Qb5 18.a4 Qb4 19.Na6 Bxa4 20.Qe2 Qb7 21.Nxb8 Qxb8 22.Ra1 Bc6
23.Qc2 Bd7 24.e5 Ng4 25.Rxa7 Bc8 26.Qc6+ Kf8 27.Ra8 Qb7 28.Rxc8+  1-0

[Event "1st WMSG Rapid Team"]
[Site "Beijing CHN"]
[Date "2008.10.14"]
[Round "1"]
[White "Hussein,HA"]
[Black "Mekhitarian,K"]
[Result "0-1"]
[WhiteElo "2354"]
[BlackElo "2511"]

1.e4 c5 2.Nf3 Nc6 3.Bb5 d6 4.O-O Bd7 5.Re1 a6 6.Bxc6 Bxc6 7.d4 cxd4 8.Qxd4 Nf6
9.Nc3 e6 10.Bg5 Be7 11.Rad1 O-O 12.Qe3 Qc7 13.h3 Rfd8 14.Nd4 Be8 15.Qg3 Nh5
16.Qh4 Bxg5 17.Qxg5 Nf6 18.Nd5 Nxd5 19.exd5 e5 20.Nf5 f6 21.Qg4 Bg6 22.c4 Qd7
23.Nh4 Qxg4 24.hxg4 Rac8 25.b3 b5 26.Nxg6 hxg6 27.cxb5 axb5 28.Rc1 Rc5 29.Red1 Rdc8
30.Rxc5 Rxc5 31.Rd2 Rc1+ 32.Kh2 b4 33.Kg3 Kf7 34.Kf3 Ke7 35.Ke4 Kd7 36.Kd3 Kc7
37.Rc2+ Rxc2 38.Kxc2 Kb6 39.Kb2 Kc5 40.a4 bxa3+ 41.Kxa3 Kxd5 42.Kb4 Kc6 43.Ka5 d5
44.Kb4 g5 45.Ka5 g6 46.b4 d4 47.b5+ Kb7 48.Kb4 e4 49.Kc4 d3 50.Kc3 Kb6 51.f3 f5
52.gxf5 gxf5 53.Kd4  0-1

[Event "1st WMSG Rapid Team"]
[Site "Beijing CHN"]
[Date "2008.10.14"]
[Round "2"]
[White "Nolte,R"]
[Black "Sveshnikov,E"]
[Result "1-0"]
[WhiteElo "2489"]
[BlackElo "2525"]

1.e4 c5 2.Nf3 Nc6 3.Bb5 e6 4.O-O Nge7 5.Re1 Nd4 6.Nxd4 cxd4 7.c3 a6 8.Bf1 Nc6
9.d3 Bc5 10.Nd2 O-O 11.Nb3 Ba7 12.cxd4 Nxd4 13.Be3 Nxb3 14.Qxb3 Bxe3 15.Rxe3 d6
16.Rc1 e5 17.Re2 Be6 18.Qb4 a5 19.Qxb7 Bxa2 20.Rec2 Qb8 21.Qe7 Re8 22.Qg5 Be6
23.Qe3 Qb4 24.h4 h6 25.g3 Rec8 26.Rxc8+ Rxc8 27.Rxc8+ Bxc8 28.Qc1 Be6 29.Kh2 Qc5
30.Qd2 Kf8 31.Bh3 Bb3 32.Kg2 Ke7 33.Qe2 Qd4 34.Qg4 Be6 35.Qxg7 Bxh3+ 36.Kxh3 Qxb2
37.Kg2 a4 38.Qxh6 a3 39.Qg5+ Kd7 40.Qf5+ Kc7 41.Qxf7+ Kb6 42.Qf8 Qd4 43.Qa8 Qxd3
44.h5 Kb5 45.h6 a2 46.Qxa2 Qxe4+ 47.f3 Qg6 48.Qd5+ Kb6 49.h7 Qc2+ 50.Kf1 Qb1+
51.Ke2 Qc2+ 52.Qd2 Qxh7 53.Qxd6+ Kb7 54.Qd5+ Kb6 55.Qe6+ Kb7 56.Qxe5 Qh2+
57.Ke3 Kc6 58.Kf4 Kd7 59.Kg4 Qh1 60.f4 Qg1 61.f5 Qh1 62.Kg5 Qh7 63.Qe6+ Kc7
64.f6 Kd8 65.Qe7+  1-0

[Event "1st WMSG Rapid Team w"]
[Site "Beijing CHN"]
[Date "2008.10.15"]
[Round "3"]
[White "Yildiz,B"]
[Black "Paridar,S"]
[Result "1-0"]
[WhiteElo "2219"]
[BlackElo "2248"]

1.e4 c5 2.Nf3 Nc6 3.Bb5 Nf6 4.Bxc6 dxc6 5.d3 g6 6.O-O Bg7 7.h3 O-O 8.Be3 Nd7
9.Nc3 e5 10.Qd2 Qe7 11.Bh6 Rd8 12.Bxg7 Kxg7 13.Nh2 Nf8 14.f4 c4 15.f5 f6
16.h4 cxd3 17.cxd3 Qc5+ 18.Kh1 gxf5 19.exf5 Qd4 20.Rf3 Qxh4 21.Qe3 Kf7 22.Ne4 Ke7
23.g4 Rd4 24.Rh3 Rxe4 25.Qc5+  1-0

[Event "1st WMSG Rapid Team"]
[Site "Beijing CHN"]
[Date "2008.10.15"]
[Round "3"]
[White "Hussein,HA"]
[Black "Amir,K"]
[Result "0-1"]
[WhiteElo "2354"]
[BlackElo "2265"]

1.e4 c5 2.Nf3 Nc6 3.Bb5 Nd4 4.Nxd4 cxd4 5.c4 g6 6.d3 Bg7 7.O-O e6 8.Nd2 Ne7
9.Nf3 O-O 10.Re1 d6 11.Bg5 e5 12.h3 f6 13.Bd2 g5 14.c5 dxc5 15.Rc1 Qb6 16.a4 g4
17.hxg4 Bxg4 18.b4 f5 19.Qb3+ Kh8 20.bxc5 Qg6 21.Nh4 Qh5 22.Nxf5 Nxf5 23.exf5 Qxf5
24.Rf1 Bf3 25.Bd7 Qxd7 26.gxf3 Qh3 27.Qxb7 Bf6  0-1

[Event "1st WMSG Rapid Team w"]
[Site "Beijing CHN"]
[Date "2008.10.15"]
[Round "4"]
[White "Berzina,I"]
[Black "Anhchimeg,B"]
[Result "1-0"]
[WhiteElo "2320"]
[BlackElo "2146"]

1.e4 c5 2.Nf3 Nc6 3.Bb5 g6 4.O-O Bg7 5.Re1 Nf6 6.e5 Nd5 7.Nc3 Nc7 8.Bxc6 dxc6
9.Ne4 Ne6 10.d3 O-O 11.Be3 b6 12.Qd2 Nd4 13.Nxd4 cxd4 14.Bh6 c5 15.Qf4 Bb7
16.Qh4 f6 17.exf6 exf6 18.Bxg7 Kxg7 19.Qg3 Bc6 20.Nd6 f5 21.Nc4 f4 22.Qg4 Rf5
23.Re5 Qf6 24.Rxf5 Qxf5 25.Qxf5 gxf5 26.Re1 Kf6 27.f3 h5 28.Kf2 Bd5 29.b3 b5
30.Ne5 Rd8 31.g3 Kg5 32.h4+ Kf6 33.gxf4 Be6 34.Rg1 Rd6 35.Rg6+ Ke7 36.Rg7+ Kf6
37.Rxa7 Rd8 38.a4 bxa4 39.Rxa4 Rc8 40.Ra6 Ke7 41.Ra7+ Kd6 42.Ra6+ Ke7 43.Ra7+ Kd6
44.Nf7+ Kd5 45.Ng5 Bg8 46.Rd7+ Kc6 47.Re7 Ra8 48.Re5 Ra2 49.Re2 Kd6 50.Nh3 Bd5
51.Ng1 Be6 52.Kf1 Ra1+ 53.Re1 Ra2 54.Re2 Ra1+ 55.Kf2 Ra2 56.Nh3 Ra1 57.Ng5 Bd7
58.Nf7+ Kc7 59.Ne5 Bc8 60.Nc4 Rh1 61.Kg3 Rg1+ 62.Kh2 Rc1 63.Rg2 Bb7 64.Ne5 Kd6
65.Rg6+ Kd5  1-0

[Event "1st WMSG Rapid Team"]
[Site "Beijing CHN"]
[Date "2008.10.15"]
[Round "4"]
[White "Aveskulov,V"]
[Black "Atakisi,U"]
[Result "1-0"]
[WhiteElo "2544"]
[BlackElo "2393"]

1.e4 c5 2.Nf3 Nc6 3.Bb5 d6 4.O-O Bd7 5.Re1 Nf6 6.c3 a6 7.Ba4 b5 8.Bc2 Bg4
9.d3 e6 10.Nbd2 Be7 11.h3 Bh5 12.Nf1 O-O 13.Ng3 Bg6 14.Nh4 d5 15.e5 Nd7 16.Nxg6 hxg6
17.d4 cxd4 18.cxd4 Qb6 19.Be3 Rfc8 20.Rc1 Na5 21.Qg4 Nc4 22.h4 Rc7 23.Bb1 Rac8
24.Rc3 Bb4 25.h5 Nxe3 26.fxe3 Bxc3 27.bxc3 Rxc3 28.hxg6 fxg6 29.Bxg6 Rc1
30.Nh5 Rxe1+ 31.Kh2 Kf8 32.Qf4+ Ke7 33.Qh4+ Nf6 34.exf6+ gxf6 35.Qxe1 Qc7+
36.Nf4 Qc1 37.Qg3 Rg8 38.Qh3 Qc8 39.Bh7 Rg5 40.Bd3 Kd6 41.Qh6 Qd8 42.Qh7 Qe7
43.Qh8 Kc7 44.a4 bxa4 45.Qa8 Qd6 46.Bxa6 Kb6 47.Qb7+  1-0

[Event "1st WMSG Rapid Team w"]
[Site "Beijing CHN"]
[Date "2008.10.15"]
[Round "4"]
[White "Rudolf,An"]
[Black "Fronda,J"]
[Result "1-0"]
[WhiteElo "2318"]
[BlackElo "1996"]

1.e4 c5 2.Nf3 Nc6 3.Bb5 g6 4.O-O Bg7 5.Re1 Nd4 6.Nxd4 cxd4 7.c3 a6 8.Bc4 e6
9.d3 Ne7 10.cxd4 Bxd4 11.Nc3 O-O 12.Bh6 Bg7 13.Bxg7 Kxg7 14.Qf3 d6 15.d4 Nc6
16.Rad1 b5 17.Bb3 Bb7 18.Qg3 Na5 19.Bc2 Rc8 20.Bb1 b4 21.Ne2 d5 22.e5 Bc6
23.Nf4 Kh8 24.h4 Bb5 25.h5 g5 26.Nd3 Qe7 27.Qf3 Kg7 28.Nxb4 f5 29.exf6+ Rxf6
30.Nxd5 Rxf3 31.Nxe7 Re8 32.gxf3 Rxe7 33.d5 Bc4 34.b3 Bb5 35.d6 Re8 36.d7 Rd8
37.Rxe6 Nb7 38.a4 Nc5 39.Re5 Nxd7 40.axb5 Nxe5 41.Rxd8 axb5 42.Rd5 Nxf3+
43.Kg2 Nh4+ 44.Kg3 Kh6 45.Rxb5 Kxh5 46.Bxh7 Kh6 47.Be4 Kh5 48.f4 Kh6 49.fxg5+ Kh5
50.g6+ Kh6 51.Kxh4  1-0

[Event "1st WMSG Rapid Team w"]
[Site "Beijing CHN"]
[Date "2008.10.15"]
[Round "5"]
[White "Stasiunaite,L"]
[Black "Popova,N"]
[Result "1/2-1/2"]
[WhiteElo "2148"]
[BlackElo "2264"]

1.e4 c5 2.Nf3 Nc6 3.Bb5 g6 4.O-O Bg7 5.Re1 a6 6.Bxc6 dxc6 7.h3 e5 8.d3 Qe7
9.Bg5 Nf6 10.Qd2 O-O 11.Bh6 Bxh6 12.Qxh6 Nh5 13.Nc3 Nf4 14.Ne2 Nxe2+ 15.Rxe2 f6
16.Nd2 Bd7 17.Qe3  1/2-1/2

[Event "1st WMSG Rapid Team"]
[Site "Beijing CHN"]
[Date "2008.10.15"]
[Round "6"]
[White "Jung Ho Jin"]
[Black "Fesalbon,R"]
[Result "0-1"]
[WhiteElo "1851"]
[BlackElo "2061"]

1.e4 c5 2.Nf3 Nc6 3.Bb5 d6 4.c3 Bd7 5.d4 cxd4 6.cxd4 a6 7.Bxc6 Bxc6 8.Nc3 Nf6
9.d5 Bd7 10.O-O Bg4 11.h3 Bh5 12.Re1 Nd7 13.g4 Bg6 14.Nd4 h5 15.g5 Rc8 16.f4 h4
17.Be3 Bh5 18.Qd2 g6 19.Qf2 Bg7 20.Rac1 Nc5 21.Qd2 O-O 22.b4 Nd7 23.Nb3 Nb6
24.Na5 Nc4 25.Nxc4 Rxc4 26.a3 Qc8 27.Ne2 Rxc1 28.Rxc1 Qxh3 29.Nd4 Qg3+ 30.Kh1 h3
31.Qf2 Qg4 32.Rg1 Qd7 33.f5 Be5 34.f6 Rc8 35.Nf5 gxf5 36.exf5 Rc4 37.g6 Bxf6
38.gxf7+ Kxf7 39.Bg5 Qc7 40.Bxf6 Kxf6 41.Qb2+ Kxf5 42.Rf1+ Rf4 43.Rxf4+ Kxf4
44.Qd4+ Kg5 45.Qe3+ Kg6 46.Qg3+ Kf7 47.Qf2+ Ke8 48.Qb2 Bg4 49.Qh8+ Kd7 50.Qb2 Qc4
51.Qf2 Qxd5+ 52.Kh2 Qg2+  0-1